20 Most Isolated Country Tripoints - Statistics

General Stats
  • This quiz has been taken 50 times
  • The average score is 54 of 60
Answer Stats
A % Correct
China
100%
China
100%
China
100%
China
100%
Kazakhstan
100%
Mongolia
100%
Russia
100%
Russia
100%
Brazil
98%
Brazil
98%
Brazil
98%
Brazil
98%
India
98%
India
98%
Chile
95%
Colombia
95%
Colombia
95%
Colombia
95%
DR Congo
95%
DR Congo
95%
Ecuador
95%
Peru
95%
Peru
95%
Peru
95%
Peru
95%
Venezuela
95%
Venezuela
95%
Algeria
93%
Algeria
93%
Bolivia
93%
Bolivia
93%
Libya
93%
Nepal
93%
Pakistan
93%
Republic of the Congo
93%
Afghanistan
90%
Bangladesh
90%
Burma
90%
North Korea
90%
Angola
88%
Angola
88%
Guyana
88%
Iran
88%
Kyrgyzstan
88%
Mali
86%
Niger
86%
Tunisia
86%
Kenya
83%
South Africa
83%
Sudan
83%
Zambia
83%
Eritrea
81%
Ethiopia
81%
Ethiopia
81%
Namibia
81%
Somalia
81%
Botswana
76%
Saudi Arabia
71%
Iraq
69%
Kuwait
67%
No matching quizzes found
Score Distribution
Percent of People with Each Score
Percentile by Number Answered
Your Score History
You have not taken this quiz